| 000 | 00000nam##2200000za#4500 |
| 001 | 9.692303 |
| 003 | CaOODSP |
| 005 | 20250129103338 |
| 007 | cr ||||||||||| |
| 008 | 150407|2009||||xxc|||||o f|0| 0 eng|d |
| 020 | |a978-1-100-13009-5 |
| 040 | |aCaOODSP|beng |
| 043 | |an-cn--- |
| 086 | 1 |aEn56-227/2009E-PDF |
| 110 | 2 |aMeteorological Service of Canada. |
| 245 | 14|aThe Water Survey of Canada : |h[electronic resource]|binforming Canadian water resource managers since 1908 |
| 260 | |aOttawa - Ontario : |bEnvironment Canada. |cc2009. |
| 300 | |a1p.|bphotographs |
| 500 | |aThe Cat. No. (En56-227/2009) and ISBN (978-0-662-06926-3) of the bilingual print edition have been incorrectly copied in the pdf edition. |
| 590 | |a11-08-Supp|b2011-06-16 |
| 775 | 08|tRelevés hydrologiques du Canada : |w(CaOODSP)9.636567 |
| 776 | 0#|tThe Water Survey of Canada : |w(CaOODSP)9.671411 |
| 776 | 0#|tRelevés hydrologiques du Canada : |w(CaOODSP)9.671412 |
| 856 | 40|ahttp://publications.gc.ca|qPDF|s1042 KB|uhttps://publications.gc.ca/collections/collection_2011/ec/En56-227-2009-eng.pdf |